[Event "London Classic Open 2014"]
[Site "London ENG"]
[Date "2014.12.08"]
[Round "1.1"]
[White "Tkachiev, Vladislav"]
[Black "Cumming, Rhys"]
[Result "1-0"]
[WhiteTitle "GM"]
[WhiteElo "2629"]
[BlackElo "2057"]
[WhiteFideId "618438"]
[BlackFideId "470163"]
[EventDate "2014.12.08"]

1. c4 Nf6 2. g3 c6 3. Nf3 g6 4. b3 Bg7 5. Bb2 d5 6. Bg2 O-O 7. O-O a5 8. Nc3
Nbd7 9. d4 dxc4 10. bxc4 Nb6 11. Qd3 Be6 12. Nd2 Qd7 13. c5 Nbd5 14. Na4 Bh3 15.
e4 Nb4 16. Qe2 Bxg2 17. Kxg2 Qe6 18. a3 Na6 19. Rfe1 Nd7 20. Qf3 Qf6 21. Qxf6
Bxf6 22. f4 Rfd8 23. Red1 e6 24. Nc4 Be7 25. Bc3 Nc7 26. Bxa5 Rxa5 27. Nxa5 Ra8
28. Nb6 Nxb6 29. cxb6 Nb5 30. Nxb7 Rb8 31. Na5 Rxb6 32. Rdb1 Ra6 33. Nxc6 1-0

[Event "London Classic Open 2014"]
[Site "London ENG"]
[Date "2014.12.08"]
[Round "1.2"]
[White "Socko, Bartosz"]
[Black "Chiu, Howard"]
[Result "1-0"]
[WhiteTitle "GM"]
[BlackTitle "CM"]
[WhiteElo "2617"]
[BlackElo "2052"]
[WhiteFideId "1107038"]
[BlackFideId "5801338"]
[EventDate "2014.12.08"]

1. d4 Nf6 2. c4 e6 3. Nc3 Bb4 4. Qc2 O-O 5. a3 Bxc3+ 6. Qxc3 b6 7. Nf3 Bb7 8. g3
d6 9. Bg2 Nbd7 10. O-O Be4 11. b4 Qe7 12. Bb2 Rfc8 13. Rfd1 h6 14. d5 e5 15. Bh3
Re8 16. Nd2 Bg6 17. f3 Nh7 18. e4 a5 19. Re1 f6 20. f4 Nhf8 21. Nf3 axb4 22.
axb4 Rxa1 23. Bxa1 Ra8 24. Nh4 Bh7 25. Bb2 Qe8 26. f5 Ra4 27. Bg4 Kh8 28. Bd1
Ra7 29. Ng2 Bg8 30. Ne3 Bf7 31. Bb3 Nh7 32. h4 Kg8 33. Bc1 Qa8 34. Rd1 Kf8 35.
Kf2 Ke7 36. Rd3 Kf8 37. Bb2 Ke7 38. Qc2 Bh5 39. Qc1 Kf8 40. Qc2 Ke7 41. g4 Bf7
42. Nd1 Qb7 43. Nc3 Be8 44. Bc1 Bf7 45. Be3 Ra6 46. Ba4 Be8 47. Kg3 Nb8 48. Bb3
Nd7 49. Rd1 Qa8 50. Qb2 Kd8 51. Kh3 Ke7 52. Rg1 Bf7 53. Ba4 Nb8 54. Bb5 Ra3 55.
Rg3 Nd7 56. Bc6 Qa7 57. Bc1 Ra6 58. Bb5 Ra1 59. Rg2 Nb8 60. Na2 Rxa2 61. Qxa2
Qb7 62. Qa4 Kf8 63. Ra2 1-0

[Event "London Classic Open 2014"]
[Site "London ENG"]
[Date "2014.12.08"]
[Round "1.3"]
[White "Robert, Pierre"]
[Black "Lenderman, Aleksandr"]
[Result "0-1"]
[BlackTitle "GM"]
[WhiteElo "2051"]
[BlackElo "2608"]
[WhiteFideId "204781"]
[BlackFideId "2021285"]
[EventDate "2014.12.08"]

1. e4 e6 2. d4 d5 3. Nc3 Bb4 4. e5 Ne7 5. a3 Bxc3+ 6. bxc3 c5 7. Qg4 O-O 8. Bd3
Nbc6 9. Bg5 Qa5 10. Ne2 Ng6 11. O-O Qa4 12. f3 Bd7 13. h4 Ngxe5 14. dxe5 Qxg4
15. fxg4 Nxe5 16. Ng3 Nxg4 17. Be2 Ne5 18. Bf4 f6 19. Bxe5 fxe5 20. Rxf8+ Rxf8
21. Rf1 Ba4 22. Bg4 Rxf1+ 23. Nxf1 Kf7 24. Bd1 d4 25. cxd4 exd4 26. Kf2 e5 27.
Ke1 Bc6 28. g3 e4 29. Nd2 b6 30. Bg4 Kf6 31. Nc4 Ba4 32. Kd2 e3+ 33. Kd3 Be8 34.
c3 Bg6+ 35. Ke2 b5 36. cxd4 bxc4 37. dxc5 Ke5 38. c6 Kd6 39. Bf3 Be8 40. Be4 h6
41. Kxe3 Bxc6 42. Bc2 Ke5 43. Bb1 g5 44. hxg5 hxg5 45. Bc2 Bd7 46. Kd2 Kd4 47.
Bd1 Bf5 48. Kc1 Ke3 49. Kb2 Kd2 0-1

[Event "London Classic Open 2014"]
[Site "London ENG"]
[Date "2014.12.08"]
[Round "1.4"]
[White "Fier, Alexandr"]
[Black "Rogers, Tim L"]
[Result "1-0"]
[WhiteTitle "GM"]
[WhiteElo "2592"]
[BlackElo "2046"]
[WhiteFideId "2107139"]
[BlackFideId "418137"]
[EventDate "2014.12.08"]

1. d4 d5 2. c4 e6 3. Nc3 Be7 4. cxd5 exd5 5. Bf4 c6 6. e3 Bf5 7. g4 Be6 8. h3
Bd6 9. Nge2 Ne7 10. Qb3 b6 11. a4 c5 12. dxc5 d4 13. Qb5+ Bd7 14. cxd6 Bxb5 15.
Nxb5 Na6 16. dxe7 Qxe7 17. Bd6 Qe4 18. Ng3 Qc6 19. Bd3 Nc5 20. Nc7+ Kd8 21. Bxc5
bxc5 22. Nxa8 dxe3 23. Rd1 exf2+ 24. Kxf2 Qf6+ 25. Bf5+ 1-0

[Event "London Classic Open 2014"]
[Site "London ENG"]
[Date "2014.12.08"]
[Round "1.5"]
[White "Burke, John S"]
[Black "Bluebaum, Matthias"]
[Result "0-1"]
[BlackTitle "IM"]
[WhiteElo "2026"]
[BlackElo "2560"]
[WhiteFideId "404322"]
[BlackFideId "24651516"]
[EventDate "2014.12.08"]

1. d4 d5 2. Nf3 Nf6 3. e3 Bf5 4. Bd3 e6 5. O-O Bd6 6. c4 c6 7. Nc3 Bg6 8. Re1
Ne4 9. Bxe4 dxe4 10. Nd2 f5 11. f4 exf3 12. Nxf3 Bh5 13. b3 Qc7 14. Qd2 O-O 15.
c5 Be7 16. Bb2 Nd7 17. Rf1 e5 18. b4 e4 19. Ne1 b6 20. Nc2 Rad8 21. Qe1 Qc8 22.
a4 a5 23. b5 bxc5 24. bxc6 Qxc6 25. d5 Qg6 26. Nb5 Bf3 27. Qg3 Qxg3 28. hxg3 Be2
29. Rf2 Bxb5 30. axb5 Nb6 31. Rxa5 Rxd5 32. Ra7 Bf6 33. Bxf6 Rxf6 34. Na3 Rd3
35. Rc2 Rfd6 36. Rxc5 Rd1+ 0-1

[Event "London Classic Open 2014"]
[Site "London ENG"]
[Date "2014.12.08"]
[Round "1.6"]
[White "Hawkins, Jonathan"]
[Black "Barton, R Alan"]
[Result "1-0"]
[WhiteTitle "IM"]
[WhiteElo "2552"]
[BlackElo "2042"]
[WhiteFideId "412686"]
[BlackFideId "404233"]
[EventDate "2014.12.08"]

1. d4 b6 2. e4 Bb7 3. Nc3 e6 4. Bd3 Nf6 5. Nge2 Bb4 6. O-O O-O 7. Ng3 Bxc3 8.
bxc3 d5 9. e5 Ne4 10. Qg4 f5 11. exf6 Nxf6 12. Qxe6+ Kh8 13. Qh3 Qd7 14. Bf5 Qf7
15. Bg5 Nbd7 16. Be6 Qg6 17. Bf4 Bc6 18. Bf5 Qf7 19. Bxc7 Rfe8 20. Rfe1 Nf8 21.
Be5 Re7 22. f4 Rae8 23. Bd3 Bd7 24. Nf5 Ng6 25. Re3 Ne4 26. Bxe4 dxe4 27. g4
Rxe5 28. fxe5 Rf8 29. Rf1 Qxa2 30. Qh5 Qg8 31. Qg5 Qf7 32. Rxe4 Qd5 33. Nd6
Rxf1+ 34. Kxf1 Qg8 35. e6 Qf8+ 36. Nf7+ Kg8 37. exd7 Qxf7+ 38. Qf5 Qc4+ 39. Kg1 1-0

[Event "London Classic Open 2014"]
[Site "London ENG"]
[Date "2014.12.08"]
[Round "1.7"]
[White "Holleland, Sigve"]
[Black "Chirila, Ioan-Cristian"]
[Result "0-1"]
[BlackTitle "GM"]
[WhiteElo "2042"]
[BlackElo "2547"]
[WhiteFideId "1513672"]
[BlackFideId "1211668"]
[EventDate "2014.12.08"]

1. c4 Nf6 2. Nc3 d5 3. d4 g6 4. Bf4 Bg7 5. e3 c5 6. Nf3 O-O 7. Be2 cxd4 8. Nxd4
dxc4 9. Bxc4 Qa5 10. Qd3 Nh5 11. Bxb8 Rxb8 12. O-O Nf6 13. Rfd1 Bd7 14. Rac1
Rbc8 15. Qe2 a6 16. Nb3 Qb4 17. Nd5 Nxd5 18. Bxd5 Bb5 19. Qd2 Qxd2 20. Rxd2
Rxc1+ 21. Nxc1 Rc8 22. Nb3 b6 23. g3 a5 24. Nd4 Rc1+ 25. Kg2 Bf1+ 26. Kf3 e6 27.
Bb3 Ba6 28. Ne2 Rc8 29. Nf4 g5 30. Nxe6 Bb7+ 31. Ke2 a4 32. Bc4 Bf6 33. b3 b5
34. Bxb5 fxe6 35. Bxa4 g4 36. Bd7 Bf3+ 37. Kd3 Rc3# 0-1

[Event "London Classic Open 2014"]
[Site "London ENG"]
[Date "2014.12.08"]
[Round "1.8"]
[White "Dragun, Kamil"]
[Black "Cannon, Richard J"]
[Result "1-0"]
[WhiteTitle "GM"]
[WhiteElo "2547"]
[BlackElo "2041"]
[WhiteFideId "1134167"]
[BlackFideId "408670"]
[EventDate "2014.12.08"]

1. d4 e6 2. c4 Nf6 3. Nf3 c5 4. d5 b5 5. dxe6 fxe6 6. cxb5 d5 7. e3 Bd6 8. Nbd2
Bb7 9. Be2 O-O 10. O-O Qc7 11. b3 Nbd7 12. Bb2 Rae8 13. Qc2 Ne4 14. h3 Ndf6 15.
Bd3 Nxd2 16. Nxd2 e5 17. e4 g6 18. exd5 Nxd5 19. Be4 Nf4 20. Nc4 Bc8 21. Rad1
Rf6 22. Bc6 Bf5 23. Qd2 Ree6 24. Qe3 Re7 25. Rd2 Bd3 26. Rxd3 Nxd3 27. Qxd3 Kf8
28. Qd5 Ree6 29. Bc1 e4 30. Bg5 e3 31. Nxe3 Re5 32. Bh6+ Ke7 33. Qg8 Rf7 34.
Nd5+ 1-0

[Event "London Classic Open 2014"]
[Site "London ENG"]
[Date "2014.12.08"]
[Round "1.9"]
[White "Jacobsen, Fredrik Beer"]
[Black "Greenfeld, Alon"]
[Result "0-1"]
[BlackTitle "GM"]
[WhiteElo "2034"]
[BlackElo "2536"]
[WhiteFideId "1507044"]
[BlackFideId "2800039"]
[EventDate "2014.12.08"]

1. e4 c5 2. Nc3 a6 3. a4 Nc6 4. g3 g6 5. Bg2 Bg7 6. d3 d6 7. Be3 e5 8. Nge2 Nge7
9. O-O O-O 10. f4 Be6 11. Qd2 Nd4 12. Nc1 exf4 13. Bxf4 d5 14. N3e2 dxe4 15.
Bxe4 Bd5 16. c3 Ne6 17. Qe3 Qb6 18. Rb1 Qc6 19. Bxd5 Nxd5 20. Qe4 Rae8 21. Qf3
Ndxf4 22. Nxf4 Qxa4 23. Nce2 Qd7 24. Rbe1 b5 25. Nd5 Rd8 26. c4 Bxb2 27. Nef4
Bd4+ 28. Kh1 Rde8 29. Qg4 f5 30. Qf3 Ng5 31. Qg2 Rxe1 32. Rxe1 Re8 33. Qf1 b4
34. h4 Ne6 35. Qe2 Kf7 36. Qd1 Nxf4 37. Nxf4 b3 38. Rxe8 Qxe8 0-1

[Event "London Classic Open 2014"]
[Site "London ENG"]
[Date "2014.12.08"]
[Round "1.10"]
[White "Hebden, Mark L"]
[Black "Jyothilal, N."]
[Result "1-0"]
[WhiteTitle "GM"]
[WhiteElo "2523"]
[BlackElo "2031"]
[WhiteFideId "400084"]
[BlackFideId "5002605"]
[EventDate "2014.12.08"]

1. d4 Nf6 2. Nf3 g6 3. Nc3 d5 4. Bf4 Bg7 5. Qd2 Ne4 6. Nxe4 dxe4 7. Ne5 O-O 8.
e3 Nd7 9. Nxd7 Bxd7 10. Bc4 c6 11. a4 Bf5 12. h3 Qd7 13. Qb4 b6 14. O-O-O Be6
15. Ba6 Bd5 16. c4 c5 17. dxc5 bxc5 18. Qa5 1-0

[Event "London Classic Open 2014"]
[Site "London ENG"]
[Date "2014.12.08"]
[Round "1.11"]
[White "Morello, Guido"]
[Black "Stopa, Jacek"]
[Result "0-1"]
[BlackTitle "IM"]
[WhiteElo "2029"]
[BlackElo "2521"]
[WhiteFideId "836621"]
[BlackFideId "1119591"]
[EventDate "2014.12.08"]

1. e4 c5 2. Nf3 d6 3. Bb5+ Nd7 4. O-O a6 5. Bxd7+ Bxd7 6. Re1 Bg4 7. c4 Nf6 8.
h3 Bh5 9. Nc3 e6 10. g4 Bg6 11. d4 Nd7 12. Qe2 Be7 13. Be3 h5 14. Rad1 Qc7 15.
Bf4 cxd4 16. Nxd4 Ne5 17. b3 hxg4 18. hxg4 b5 19. Rc1 bxc4 20. Bxe5 dxe5 21. Nf3
Bb4 22. Nd2 Rh3 23. Na4 Qd8 24. Qxc4 Bxd2 25. Red1 Qh4 0-1

[Event "London Classic Open 2014"]
[Site "London ENG"]
[Date "2014.12.08"]
[Round "1.12"]
[White "Piorun, Kacper"]
[Black "Arnetta, Maria Teresa"]
[Result "1-0"]
[WhiteTitle "GM"]
[BlackTitle "WFM"]
[WhiteElo "2517"]
[BlackElo "2027"]
[WhiteFideId "1130420"]
[BlackFideId "811572"]
[EventDate "2014.12.08"]

1. Nf3 d5 2. g3 Nc6 3. d4 Bg4 4. Bg2 e6 5. O-O Bd6 6. c4 Nf6 7. Bg5 O-O 8. cxd5
exd5 9. Nc3 Be7 10. Bxf6 Bxf6 11. e3 Ne7 12. b4 a6 13. h3 Be6 14. a4 Qd7 15. Kh2
c6 16. Rc1 Nc8 17. Ne1 Be7 18. Nd3 Nd6 19. Nc5 Qc8 20. b5 axb5 21. axb5 Nc4 22.
bxc6 bxc6 23. N3a4 Ra5 24. Re1 Qc7 25. Bf1 Nd6 26. Nc3 Qa7 27. Kg1 Ra3 28. Ra1
Bf5 29. Rxa3 Qxa3 30. Qc1 Qa7 31. Re2 Qc7 32. Ra2 h6 33. Qa1 Nc8 34. Ra5 Bd6 35.
Kg2 Re8 36. Bd3 Bxd3 37. Nxd3 Qe7 38. Ra6 Qg5 39. Ne2 Qf5 40. Qd1 Qe4+ 41. Kg1
Ne7 42. Ne1 Rb8 43. Nc3 Qf5 44. Kg2 Bb4 45. Qc1 Bxc3 46. Qxc3 Qe4+ 47. Kh2 Qb1
48. Ra1 Qb5 49. Nd3 Nf5 50. Kg2 Nd6 51. Ra5 Qb1 52. Ra1 Qb5 53. Nc5 Qe2 54. Re1
Qa2 55. Qa1 Qd2 56. Rb1 Re8 57. Qb2 Qa5 58. Qb6 Qa2 59. Rb2 Qa1 60. Rb1 Qa2 61.
Qb2 Qa8 62. Qa1 Nc4 63. Qxa8 Rxa8 64. g4 Ra2 65. Rb8+ Kh7 66. Kg3 Nd2 67. Rf8
Nf1+ 68. Kf3 Nd2+ 69. Kg2 f6 70. Rf7 Kg6 71. Rc7 h5 72. gxh5+ Kh6 73. Rxc6 Nc4
74. Kg3 Kxh5 75. Nd3 Nd2 76. Nc5 Nf1+ 77. Kf3 Nd2+ 78. Kg2 Rc2 79. Re6 Nc4 80.
Nd3 g5 81. Nb4 Rb2 82. Nxd5 f5 83. Nf6+ Kg6 84. Ne4+ Kf7 85. Nxg5+ Kg7 86. h4 1-0

[Event "London Classic Open 2014"]
[Site "London ENG"]
[Date "2014.12.08"]
[Round "1.13"]
[White "Prior, Stephen C V"]
[Black "Vakhidov, Jahongir"]
[Result "1/2-1/2"]
[BlackTitle "GM"]
[WhiteElo "2014"]
[BlackElo "2502"]
[WhiteFideId "423378"]
[BlackFideId "14201801"]
[EventDate "2014.12.08"]

1. e4 d5 2. exd5 Qxd5 3. Nc3 Qd6 4. d4 Nf6 5. Nf3 g6 6. g3 Bg7 7. Bg2 Qa6 8. Bf4
c6 9. Qd2 O-O 10. Bh6 Rd8 11. Bxg7 Kxg7 12. Ne5 Be6 13. a3 c5 14. d5 Nc6 15. f4
Nxe5 16. fxe5 Nxd5 17. Nxd5 Bxd5 18. Bxd5 e6 19. O-O-O Rxd5 20. Qf4 Rad8 21.
Qf6+ Kg8 22. Qxd8+ Rxd8 23. Rxd8+ Kg7 24. Re1 b5 25. Kb1 b4 26. axb4 cxb4 27. b3
Qb6 28. Rd2 a5 29. Rde2 Qc6 30. Re3 Qg2 31. R3e2 Qd5 32. Re3 g5 33. R3e2 Kg6 34.
h3 h5 35. g4 hxg4 36. hxg4 Qf3 37. Re4 Kg7 38. R1e3 Qd1+ 39. Kb2 Qd5 40. Kb1 Kf8
41. Kb2 Ke7 42. Kc1 Qa8 43. Kb2 Kd7 44. Rc4 Qa7 45. Rd3+ Ke7 46. Re4 Qb8 47.
Rde3 Qh8 48. Ka2 Qh2 49. Re2 Qh1 50. Kb2 Kd7 51. Rc4 Qf3 52. Rce4 Kc6 53. R2e3
Qf2 54. Re2 Qa7 55. Rd2 Kb5 56. Rde2 Qa8 57. R2e3 Qh8 58. Ka2 Kc5 59. Rd3 Qh1
60. Rc4+ Kb5 61. Rd8 Qe1 62. Rb8+ Ka6 63. Ra8+ Kb6 64. Rb8+ Ka6 65. Ra8+ Kb6 66.
Rb8+ Ka7 67. Rb5 Ka6 68. Rbc5 Qe3 69. Rc7 Kb6 70. Rxf7 Qxe5 71. Rf8 Kb5 72. Rf7
Qd5 73. Rf8 e5 74. Rb8+ Ka6 75. Rbc8 Kb6 76. Rb8+ Ka7 77. Rbc8 Kb6 78. Rb8+ Ka6
79. Rbc8 Kb6 1/2-1/2

[Event "London Classic Open 2014"]
[Site "London ENG"]
[Date "2014.12.08"]
[Round "1.15"]
[White "Fodor, Tamas Jr."]
[Black "Ismailov, Roman"]
[Result "1-0"]
[WhiteTitle "GM"]
[WhiteElo "2499"]
[BlackElo "2010"]
[WhiteFideId "723762"]
[BlackFideId "12807710"]
[EventDate "2014.12.08"]

1. d4 d5 2. c4 c6 3. Nc3 Nf6 4. e3 a6 5. b3 Bf5 6. Nf3 e6 7. Bb2 Bd6 8. Be2 O-O
9. Nh4 Bg6 10. Nxg6 hxg6 11. O-O Nbd7 12. c5 Bc7 13. f4 Ne8 14. Bd3 f5 15. g4
Nef6 16. g5 Ne4 17. Nxe4 dxe4 18. Bc4 Kf7 19. b4 Qe7 20. Qb3 b5 21. cxb6 Nxb6
22. Rfc1 Rfc8 23. Bc3 Bd6 24. Bd2 Nxc4 25. Rxc4 Qb7 26. Rac1 Rc7 27. Be1 Ke7 28.
Qc3 Kf7 29. Rxc6 Rac8 30. Rxc7+ Rxc7 31. Qb2 Rxc1 32. Qxc1 Qb5 33. Qd2 Qc4 34.
Kf2 Ke7 35. Qe2 Qc6 36. Qb2 Kd7 37. d5 Qxd5 38. Qxg7+ Kc6 39. Qc3+ Kb5 40. Qa3
Qc4 41. Bc3 Qd3 42. Qb2 Bxf4 43. exf4 Qf3+ 44. Ke1 Qh1+ 45. Kd2 e3+ 46. Kxe3
Qe4+ 47. Kd2 Qxf4+ 48. Kc2 Qxh2+ 49. Bd2 Qc7+ 50. Qc3 1-0

[Event "London Classic Open 2014"]
[Site "London ENG"]
[Date "2014.12.08"]
[Round "1.16"]
[White "Millward, Kevin P"]
[Black "Gormally, Daniel W"]
[Result "0-1"]
[BlackTitle "GM"]
[WhiteElo "2010"]
[BlackElo "2499"]
[WhiteFideId "404721"]
[BlackFideId "406465"]
[EventDate "2014.12.08"]

1. e4 d5 2. Nc3 dxe4 3. Nxe4 Nf6 4. Nxf6+ exf6 5. d4 Bd6 6. Bb5+ c6 7. Bd3 O-O
8. Be3 Qb6 9. Qc1 c5 10. dxc5 Bxc5 11. Bxc5 Qxc5 12. Ne2 b6 13. O-O Bb7 14. Ng3
Nc6 15. Be4 Rae8 16. Qf4 Re5 17. c3 Rfe8 18. b4 Qe7 19. Bf3 g6 20. a4 f5 21.
Rad1 a5 22. b5 Nb8 23. Bxb7 Qxb7 24. Qd4 R5e7 25. h4 Qc7 26. f4 Rd7 27. Qf6 Re6
28. Rxd7 Nxd7 29. Qd4 Rd6 30. Qe3 Qc5 31. Re1 Rd3 32. Qxc5 Nxc5 33. Re8+ Kg7 34.
Kf2 Rxc3 35. Rb8 Nxa4 36. Ne2 Rd3 37. h5 Rd5 38. Rb7 Rd6 39. Ke3 Nc5 40. Ra7
Rd3+ 41. Kf2 Ne4+ 42. Kg1 Rd2 0-1

[Event "London Classic Open 2014"]
[Site "London ENG"]
[Date "2014.12.08"]
[Round "1.17"]
[White "Sadzikowski, Daniel"]
[Black "Nilsen, Martin"]
[Result "1-0"]
[WhiteTitle "IM"]
[WhiteElo "2492"]
[BlackElo "2006"]
[WhiteFideId "1132253"]
[BlackFideId "1510657"]
[EventDate "2014.12.08"]

1. c4 c6 2. Nc3 Nf6 3. d4 d5 4. Nf3 g6 5. Bf4 Bg7 6. e3 O-O 7. Rc1 Bg4 8. Qb3
Qb6 9. Qxb6 axb6 10. cxd5 Bxf3 11. gxf3 Nxd5 12. Nxd5 cxd5 13. a3 Nc6 14. Bb5
Rac8 15. Ke2 h6 16. h4 Kh7 17. h5 g5 18. Bg3 e5 19. dxe5 Nxe5 20. Rhd1 Nc6 21.
Rxd5 Nd4+ 22. Kd1 Nxf3 23. Bd3+ Kh8 24. Rxc8 Rxc8 25. Be4 g4 26. Bf5 Re8 27.
Bxg4 Ne5 28. Be2 f6 29. Rd6 Nc6 30. Rd7 f5 31. Rxb7 Rd8+ 32. Kc2 Na5 33. Rxb6
Rc8+ 34. Kb1 Rd8 35. Rb8 1-0

[Event "London Classic Open 2014"]
[Site "London ENG"]
[Date "2014.12.08"]
[Round "1.18"]
[White "Sharma, Amit"]
[Black "Arkell, Keith C"]
[Result "0-1"]
[BlackTitle "GM"]
[WhiteElo "2006"]
[BlackElo "2489"]
[WhiteFideId "5020522"]
[BlackFideId "400270"]
[EventDate "2014.12.08"]

1. e4 c6 2. d4 d5 3. exd5 cxd5 4. c4 Nf6 5. Nc3 g6 6. Bg5 Bg7 7. Bxf6 Bxf6 8.
Nxd5 Bg7 9. Nf3 Nc6 10. Be2 O-O 11. O-O Bg4 12. Ne5 Bxe2 13. Qxe2 e6 14. Nxc6
bxc6 15. Nc3 Bxd4 16. Rad1 Qf6 17. Ne4 Qe5 18. b3 c5 19. Kh1 f5 20. Ng3 Qf6 21.
f4 Rfe8 22. Qf3 e5 23. fxe5 Qxe5 24. Qf4 Qxf4 25. Rxf4 a5 26. Rf3 Ra6 27. h4
Rae6 28. h5 Kg7 29. Kh2 Kf6 30. Rdf1 Kg5 31. Nh1 Re2 32. a4 R8e4 33. hxg6 hxg6
34. Rg3+ Kf6 35. Rh3 Be5+ 36. Kg1 Rg4 37. Nf2 Bd4 38. Rf3 g5 39. Kh2 Rh4+ 40.
Nh3 f4 41. Kh1 Be3 42. Rxe3 Rxe3 43. Kg1 Rhxh3 0-1

[Event "London Classic Open 2014"]
[Site "London ENG"]
[Date "2014.12.08"]
[Round "1.19"]
[White "Wagner, Dennis"]
[Black "Gschwendtner, Stanislav"]
[Result "1-0"]
[WhiteTitle "IM"]
[WhiteElo "2488"]
[BlackElo "1998"]
[WhiteFideId "24650684"]
[BlackFideId "307297"]
[EventDate "2014.12.08"]

1. d4 Nf6 2. c4 g6 3. g3 Bg7 4. Bg2 d5 5. cxd5 Nxd5 6. e4 Nb6 7. Ne2 O-O 8. O-O
c5 9. dxc5 Qxd1 10. Rxd1 Na4 11. Nbc3 Nxc5 12. Be3 Nba6 13. f4 Bg4 14. e5 Rab8
15. h3 Bxe2 16. Nxe2 f6 17. b4 Na4 18. Bxa7 Ra8 19. Bf2 fxe5 20. Bxb7 exf4 21.
Bd5+ Kh8 22. Bxa8 Bxa1 23. Bb7 Nxb4 24. Rxa1 Nc2 25. Rc1 fxg3 26. Nxg3 Nb4 27.
Rc4 Nd3 28. Bd4+ e5 29. Rxa4 exd4 30. Rxd4 Nf2 31. Kg2 h5 32. Rd2 1-0

[Event "London Classic Open 2014"]
[Site "London ENG"]
[Date "2014.12.08"]
[Round "1.20"]
[White "Niccoli, Tony"]
[Black "Hector, Jonny"]
[Result "0-1"]
[BlackTitle "GM"]
[WhiteElo "1996"]
[BlackElo "2477"]
[WhiteFideId "432946"]
[BlackFideId "1700090"]
[EventDate "2014.12.08"]

1. e4 e5 2. Nf3 Nc6 3. Bc4 Nf6 4. d4 exd4 5. O-O Nxe4 6. Re1 d5 7. Bxd5 Qxd5 8.
Nc3 Qh5 9. Nxe4 Be6 10. Bg5 Bd6 11. Nxd6+ cxd6 12. Bf4 Qd5 13. c3 Kd7 14. Ng5
Rad8 15. cxd4 Rhe8 16. Nxe6 fxe6 17. Qg4 Kc8 18. Bg5 Rd7 19. Rad1 h6 20. Bf4 Rf7
21. Rd2 Kd7 22. a3 Qf5 23. Qxf5 Rxf5 24. Be3 Rd5 25. Kf1 Rc8 26. Rc1 Rb5 27. Ke1
Rf8 28. Ke2 Rff5 29. Rc3 Ne7 30. Rdc2 Nc6 31. Rd2 Ne7 32. Rdc2 Nd5 33. Rc4 Rb3
34. h4 h5 35. Bg5 Rf8 36. Be3 Rb8 37. Bd2 b6 38. Bg5 a6 39. Rd2 b5 40. Rcc2 a5
41. Rd3 Rxd3 42. Kxd3 b4 43. Kc4 bxa3 44. bxa3 a4 45. Bd2 Rb3 46. Ra2 Nb6# 0-1

[Event "London Classic Open 2014"]
[Site "London ENG"]
[Date "2014.12.08"]
[Round "1.21"]
[White "Kerigan, Demre"]
[Black "Zhou, Yang-Fan"]
[Result "0-1"]
[WhiteTitle "FM"]
[BlackTitle "IM"]
[WhiteElo "2277"]
[BlackElo "2477"]
[WhiteFideId "6307841"]
[BlackFideId "468584"]
[EventDate "2014.12.08"]

1. e4 c5 2. Nf3 e6 3. g3 Nc6 4. Bg2 Nf6 5. Qe2 d6 6. O-O Be7 7. Rd1 e5 8. c3 Bg4
9. h3 Bh5 10. d3 O-O 11. Bg5 Re8 12. Nbd2 d5 13. Bxf6 Bxf6 14. exd5 Qxd5 15. Ne4
Be7 16. g4 Bg6 17. Nfd2 Qe6 18. Nc4 Rad8 19. Ng3 Bh4 20. Be4 Bxg3 21. fxg3 Rd7
22. a4 Ne7 23. Rf1 Red8 24. Rad1 f6 25. b3 Nd5 26. Qe1 Bxe4 27. dxe4 Nb6 28. Qe2
Nxc4 29. bxc4 Qc6 30. Qc2 Qe6 31. Rd5 h5 32. Qe2 hxg4 33. Qxg4 Qxg4 34. hxg4 Kf7
35. Rb1 b6 36. a5 Rd6 37. Kf2 Ke7 38. Ke3 R8d7 39. Rbd1 bxa5 40. Ra1 Ra6 41.
Rxc5 a4 42. Rd5 a3 43. Kd3 Ra4 44. Kc2 Rc7 45. c5 Rxe4 46. Rxa3 Rxg4 47. Rd3 Rc4
48. Rd5 Ke6 49. Rd6+ Kf5 50. c6 Kg4 51. Ra6 e4 52. Rd7 R4xc6 53. Rxg7+ Rxg7 54.
Rxc6 f5 55. Rf6 Rg5 56. Kd2 Kf3 57. c4 Kf2 58. Re6 Rxg3 59. Re5 e3+ 60. Kd3 f4 0-1

[Event "London Classic Open 2014"]
[Site "London ENG"]
[Date "2014.12.08"]
[Round "1.22"]
[White "Dourerassou, Jonathan"]
[Black "Ditmas, Hugh"]
[Result "1-0"]
[WhiteTitle "IM"]
[WhiteElo "2469"]
[BlackElo "1993"]
[WhiteFideId "628050"]
[BlackFideId "1270666"]
[EventDate "2014.12.08"]

1. e4 c5 2. Nc3 Nc6 3. Nge2 Nf6 4. g3 g6 5. d4 cxd4 6. Nxd4 Bg7 7. Nb3 O-O 8.
Bg2 d6 9. O-O a6 10. h3 Qc7 11. Bg5 Be6 12. Nd5 Bxd5 13. exd5 Ne5 14. Qe2 Rac8
15. c3 h6 16. Be3 Kh7 17. Rae1 Qc4 18. Bd4 Ng8 19. Qd1 Qd3 20. Na5 Qb5 21. b4
Rfe8 22. Kh2 Nc4 23. a4 Qd7 24. Bxg7 Nxa5 25. Bd4 Nc4 26. a5 h5 27. f4 Nh6 28.
f5 Nxf5 29. Rxf5 Qxf5 30. Rf1 Nb2 31. Qe2 Qd3 32. Rxf7+ Kg8 33. Rg7+ Kf8 34. Qe6 1-0

[Event "London Classic Open 2014"]
[Site "London ENG"]
[Date "2014.12.08"]
[Round "1.24"]
[White "Fernandez, Daniel Howard"]
[Black "Vachtfeidl, Petr"]
[Result "1/2-1/2"]
[WhiteTitle "IM"]
[WhiteElo "2454"]
[BlackElo "1985"]
[WhiteFideId "5801605"]
[BlackFideId "315028"]
[EventDate "2014.12.08"]

1. e4 c5 2. Nf3 e6 3. b3 a6 4. Bb2 Nc6 5. d4 cxd4 6. Nxd4 Qf6 7. Be2 Bc5 8. c3
Nge7 9. O-O d5 10. Nxc6 bxc6 11. Nd2 O-O 12. Qc2 e5 13. Bf3 Be6 14. exd5 cxd5
15. c4 Rac8 16. Rae1 Ng6 17. Qd1 Rfd8 18. cxd5 Bxd5 19. Bxd5 Rxd5 20. Qg4 Rcd8
21. Ne4 Qb6 22. Nxc5 Rxc5 23. Qe4 Rd2 24. Bc1 Rd4 25. Qf3 Qc6 26. Be3 Rd3 27.
Qe2 Rcd5 28. Qg4 Qd7 29. Qxd7 Rxd7 30. f4 f6 31. fxe5 Nxe5 32. Bf4 Nc6 33. h3
Nb4 34. Re2 Kf7 35. Kh2 Nd5 36. Rc2 Nxf4 37. Rxf4 Rd2 38. Rxd2 Rxd2 39. Ra4 Rd6
40. Kg3 f5 41. h4 Kf6 42. Rb4 h6 43. h5 Kg5 44. Rb7 Rd2 45. Rxg7+ Kxh5 46. a4
Rd3+ 47. Kf4 Rxb3 48. Kxf5 Rc3 49. Rd7 Rc5+ 50. Ke6 Rc4 51. Rd5+ Kg4 52. Ra5 Kg3
53. Kd5 Rg4 54. Rxa6 Kxg2 55. Rxh6 Rxa4 1/2-1/2